| 000 | 00403nam a22001697a 4500 | ||
|---|---|---|---|
| 003 | MACL | ||
| 005 | 20151223165714.0 | ||
| 008 | 151223b xxu||||| |||| 00| 0 eng d | ||
| 040 | _cMACL | ||
| 041 | _aEnglish | ||
| 082 | _a823/CHA | ||
| 100 |
_aChalmers,Martin _922596 |
||
| 245 | _aThomas Bernhard Prose | ||
| 260 |
_aCalcutta _bBritish Library _c2010 |
||
| 650 |
_aStories _922597 |
||
| 942 |
_2ddc _cBK |
||
| 999 |
_c51776 _d51776 |
||